|
|
|
|
| LEADER |
00000nam a2200000 a 4500 |
| 001 |
vtls001435128 |
| 003 |
SK-MaSNL |
| 005 |
20260420110838.0 |
| 008 |
240509s2001 xo aap r yy1 slo |
| 015 |
|
|
|a SNBA2002/10-03419
|
| 020 |
|
|
|a 8070996927
|
| 035 |
|
|
|a SNK000390213
|
| 035 |
|
|
|a urn:nbn:sk:snk-amyaxf
|
| 035 |
|
|
|a urn:nbn:sk:snk-am00c82i
|
| 035 |
|
|
|a 3598AB28-EEB8-4F8A-888C-CCE85D22E648
|
| 040 |
|
|
|a SNK
|b slo
|c SNK
|e AACR2
|
| 041 |
0 |
|
|a slo
|
| 044 |
|
|
|a xo
|c SK
|
| 080 |
|
|
|a 331.015.11(075.8)
|2 1981
|
| 100 |
1 |
|
|a Lorko, Martin
|4 aut
|9 8926
|
| 245 |
1 |
0 |
|a Ergonómia vo výrobe
|c Martin Lorko
|
| 260 |
|
|
|a V Košiciach
|b Technická univerzita
|c 2001
|
| 300 |
|
|
|a 105 s.
|b grafy, sch., tab.
|c 30 cm
|
| 366 |
|
|
|e 100 výt.
|
| 500 |
|
|
|a Obalový názov
|
| 500 |
|
|
|a Vyd. Fakulta výrobných technológií TU v Košiciach so sídlom v Prešove
|
| 504 |
|
|
|a Bibliogr. s. 105
|
| 650 |
0 |
7 |
|a ergonómia
|2 SNKPH
|9 19132
|
| 655 |
|
7 |
|a Textbooks (higher)
|2 SNKPHeng
|9 276436
|
| 655 |
|
7 |
|a učebnice vysokých škôl
|2 SNKPH
|9 70191
|
| 655 |
|
7 |
|a učebnice
|2 SNKPH
|9 22521
|
| 752 |
|
|
|a Slovensko
|d Košice
|
| 919 |
|
|
|a 80-7099-692-7
|
| 954 |
|
|
|a odborná, vedecká literatúra pôvodná (slovenská)
|2 lita
|
| 958 |
|
|
|a TL
|
| 958 |
|
|
|a NB
|
| 958 |
|
|
|a UV
|
| 958 |
|
|
|a OND
|
| 999 |
|
|
|c 1071421
|d 1073351
|
| 952 |
|
|
|a SNK
|b SNK
|y PREZ
|7 0
|p 17A0345806
|o snkSB 65066
|i snkKSP 6651/2002
|0 0
|1 0
|4 0
|d 2002-05-31
|f 1
|l 0
|r 2017-06-30 00:00:00
|w 2026-02-24
|
| 952 |
|
|
|a SNK
|b SNK
|y PREZ
|7 0
|p 17A0345814
|o snkSB 65066 D1
|i snkKSP 6652/2002
|0 0
|1 0
|4 0
|d 2002-05-31
|l 0
|r 2005-01-02 00:00:00
|w 2026-02-24
|